Reforma Bezpečnostnej rady OSN diplomová práca

Na minha lista:
Detalhes bibliográficos
Autor principal: Ivan, Michal
Autor Corporativo: Fakulta medzinárodných vzťahov EU. Katedra medzinárodných politických vzťahov
Outros Autores: Weiss, Peter
Formato: Livro
Idioma:eslovaco
Publicado em: Bratislava 2008
Tags: Adicionar Tag
Sem tags, seja o primeiro a adicionar uma tag!

MARC

LEADER 00000nam$a2200000$$$4500
001 0075953
005 20240201120225.7
041 0 |a slo 
044 |a SK 
245 1 0 |a Reforma Bezpečnostnej rady OSN  |b diplomová práca  |c Michal Ivan ; škol. Peter Weiss 
264 1 |a Bratislava  |c 2008 
300 |a 87 s. 
100 1 |a Ivan, Michal 
700 1 |a Weiss, Peter 
710 2 |a Fakulta medzinárodných vzťahov EU. Katedra medzinárodných politických vzťahov